К.Д. Ушинский и проблемы современного образования (Запись № 908057)

Подробности
000 -МАРКЕР
контрольное поле 02210nam1a2200325 i 4500
001 - ИДЕНТИФИКАТОР ЗАПИСИ
контрольное поле RU\NLR\bibl\161044
005 - ИДЕНТИФИКАТОР ВЕРСИИ
контрольное поле 20260407064052.0
035 ## - ДРУГИЕ СИСТЕМНЫЕ НОМЕРА
Идентификатор записи (NLR Aleph) 000157964
100 ## - ДАННЫЕ ОБЩЕЙ ОБРАБОТКИ
Данные общей обработки 20010606g20009999k y0rusy50 ca
101 0# - ЯЗЫК РЕСУРСА
Язык текста, звукозаписи и т.д. русский
102 ## - СТРАНА ПУБЛИКАЦИИ ИЛИ ПРОИЗВОДСТВА
Страна публикации Российская Федерация
105 ## - ПОЛЕ КОДИРОВАННЫХ ДАННЫХ: ТЕКСТОВЫЕ МАТЕРИАЛЫ, МОНОГРАФИЧЕСКИЕ
Кодированные данные о монографическом текстовом документе y |||||||||
200 1# - ЗАГЛАВИЕ И СВЕДЕНИЯ ОБ ОТВЕТСТВЕННОСТИ
Основное заглавие К.Д. Ушинский и проблемы современного образования
Сведения, относящиеся к заглавию Сб. материалов межрег. науч.-практ. клнф., посвященной 175-летию со дня рождения К.Д. Ушинского
-- [В 2 ч.
Первые сведения об ответственности Науч. ред.: Репин С.А., д.пед.н., проф., д.чл. Акад. пед. и социал. наук, Молчанов С.Г., д.пед.н., проф., д.чл. Акад. гуманит. наук]
210 ## - ПУБЛИКАЦИЯ, РАСПРОСТРАНЕНИЕ И ДР.
Место издания, распространения и т.д. Челябинск
Имя издателя, распространителя и т. д. Образование
Дата издания, распространения и т.д. 2000
215 ## - ФИЗИЧЕСКАЯ ХАРАКТЕРИСТИКА
Размеры 20
300 ## - ОБЩИЕ ПРИМЕЧАНИЯ
Текст примечания В надзаг.: М-во общ. и проф. образования Рос. Федерации, Гл. упр. образования администрации Челяб. обл., Ин-т доп. проф. образования (Повышения квалификации) пед. работников
463 #0 - УРОВЕНЬ ФИЗИЧЕСКОЙ ЕДИНИЦЫ
Встроенное поле 001156646
600 #1 - ИМЯ ЛИЦА КАК ПРЕДМЕТ
Начальный элемент ввода Ушинский
Часть имени, кроме начального элемента ввода К. Д.
Даты 1824 - 1870
Расширение инициалов личного имени Константин Дмитриевич
Формальный подзаголовок Сборники
Тематический подзаголовок Педагогические взгляды
Системный номер авторитетной/нормативной записи 1875248
Идентификатор авторитетной/нормативной записи RU\NLR\auth\661142428
600 #1 - ИМЯ ЛИЦА КАК ПРЕДМЕТ
Начальный элемент ввода Ушинский
Часть имени, кроме начального элемента ввода К. Д.
Даты 1824 - 1870
Расширение инициалов личного имени Константин Дмитриевич
Формальный подзаголовок Съезды, совещания и т.п.
Тематический подзаголовок Педагогические взгляды
Системный номер авторитетной/нормативной записи 1875248
Идентификатор авторитетной/нормативной записи RU\NLR\auth\661142428
686 ## - ИНДЕКСЫ ДРУГИХ КЛАССИФИКАЦИЙ
Индекс Ч33(2)51-273
686 ## - ИНДЕКСЫ ДРУГИХ КЛАССИФИКАЦИЙ
Индекс Ч34(2)я431
702 #1 - ИМЯ ЛИЦА - ВТОРИЧНАЯ ОТВЕТСТВЕННОСТЬ
Код отношения Редактор
Материалы, к которым относится поле rus
Графика поля Кириллица
Начальный элемент ввода Репин
Часть имени, кроме начального элемента ввода С. А.
Даты 1940-
Расширение инициалов личного имени Сергей Арсеньевич
Идентификатор авторитетной/нормативной записи RU\NLR\AUTH\774192
Системный номер авторитетной/нормативной записи 114174
711 12 - НАИМЕНОВАНИЕ ОРГАНИЗАЦИИ - АЛЬТЕРНАТИВНАЯ ОТВЕТСТВЕННОСТЬ
Начальный элемент ввода Межрегиональная науч.-практ. конф., посвященная 175-летию со дня рождения К.Д.Ушинского
Дата проведения временной организации 2000
Место проведения временной организации Челябинск
Идентификатор авторитетной/нормативной записи RU\NLR\AUTH\8810031434
Системный номер авторитетной/нормативной записи 561493
801 #0 - ИСТОЧНИК ЗАПИСИ
Страна Российская Федерация
Организация NLR
Дата составления 20010606
Правила каталогизации PSBO
801 #1 - ИСТОЧНИК ЗАПИСИ
Страна Российская Федерация
Организация NLR
Дата составления 20010606
852 ## - МЕСТОНАХОЖДЕНИЕ И ШИФР ХРАНЕНИЯ
Идентификатор организации NLR
Шифр хранения (Call Number) 2001-3/5503
942 ## - ДОПОЛНИТЕЛЬНЫЕ ЭЛЕМЕНТЫ ЗАПИСИ (АБИС)
Тип экземпляра АБИС Книга

Нет доступных экземпляров.